000 00811nam a22002057a 4500
003 BUBTL
008 211110b ||||| |||| 00| 0 eng d
020 _a9789840422005
082 _a954.925/ H2733s/ 2015
100 _93866
_aহাসিনা, শেখ
245 _aশেখ মুজিব আমার পিতা /
_cশেখ হাসিনা
250 _a1st Edn
260 _aঢাকা,
_bআগামী প্রকাশনী,
_cc2015
300 _a111 p.:
_bill.;
_c22 cm.
505 _aশেখ মুজিব, শেখ মুজিব আমার পিতা, শেখ হাসিনা, বঙ্গবন্ধু, Bangabandhu
650 0 _93574
_aবঙ্গবন্ধু
856 _k0
_l0
_yDownload
942 _2ddc
_cBK
999 _c6571
_d6571